[Event "CAN-ch U2200"]
[Site "Kingston CAN"]
[Date "2022.04.16"]
[Round "6.41"]
[White "Shi, Michael"]
[Black "Bond, Hal"]
[Result "1-0"]
[WhiteElo "2017"]
[BlackElo "1773"]
[PlyCount "71"]
[EventDate "2022.04.13"]
[EventType "swiss"]
[EventRounds "9"]
[EventCountry "CAN"]

1. e4 Nf6 2. e5 Nd5 3. d4 d6 4. c4 Nb6 5. exd6 cxd6 6. Nc3 Bf5 7. Nf3 Nc6 8.
Be3 e6 9. Rc1 Be7 10. Be2 O-O 11. O-O Rc8 12. Qd2 d5 13. cxd5 Nxd5 14. Nxd5
exd5 15. a3 Qa5 16. Rc3 Bd6 17. Rfc1 Qb6 18. Bf4 Bxf4 19. Qxf4 Bg6 20. b4 Ne7
21. Rxc8 Nxc8 22. Ne5 Qd8 23. Bf3 a5 24. h4 axb4 25. axb4 h6 26. Nxg6 fxg6 27.
Qe5 Qxh4 28. Qe6+ Kh7 29. Rxc8 Rxc8 30. Qxc8 Qxd4 31. Qc5 Qa1+ 32. Kh2 d4 33.
Be4 Qd1 34. f3 Qe1 35. Qe7 d3 36. Bxg6+ 1-0

[Event "CAN-ch U2200"]
[Site "Kingston CAN"]
[Date "2022.04.17"]
[Round "7.31"]
[White "Huang, Youhe"]
[Black "Joseph Benher, Savio"]
[Result "1/2-1/2"]
[WhiteElo "1989"]
[BlackElo "2170"]
[PlyCount "107"]
[EventDate "2022.04.13"]
[EventType "swiss"]
[EventRounds "9"]
[EventCountry "CAN"]

1. d4 Nf6 2. c4 e6 3. g3 d5 4. Nf3 Bb4+ 5. Bd2 Bd6 6. Nc3 Nc6 7. Bg5 dxc4 8.
Qa4 O-O 9. Bg2 h6 10. Bxf6 Qxf6 11. Qxc4 e5 12. d5 Nb8 13. Ne4 Qe7 14. O-O f5
15. Nxd6 cxd6 16. Rac1 Na6 17. Nd2 Bd7 18. Qb3 Rab8 19. Nc4 Rfc8 20. Rc3 Nc5
21. Qb4 b6 22. Ra3 a5 23. Qd2 Kh8 24. Rc1 Bb5 25. Ne3 Rf8 26. Nc4 f4 27. b4
axb4 28. Qxb4 Bxc4 29. Rxc4 Qf6 30. gxf4 exf4 31. Rf3 g5 32. Qc3 Qxc3 33. Rfxc3
Rbe8 34. Kf1 Ra8 35. Rc2 Ra3 36. Rb4 Rfa8 37. Rxb6 Rxa2 38. Rxa2 Rxa2 39. Bf3
Ra6 40. Rb8+ Kg7 41. Rd8 Nb3 42. Kg2 Nd2 43. Bh5 Ne4 44. Rd7+ Kf6 45. Kf3 Nd2+
46. Kg4 Ke5 47. Rh7 Ra1 48. Bf7 Ne4 49. Rxh6 Rg1+ 50. Kh5 Nxf2 51. Re6+ Kxd5
52. Rg6+ Kd4 53. Rxg5 Ke3 54. Bd5 1/2-1/2

[Event "CAN-ch U2200"]
[Site "Kingston CAN"]
[Date "2022.04.17"]
[Round "7.32"]
[White "Zhang, Chu Hang"]
[Black "Latorre, Vincent"]
[Result "1-0"]
[WhiteElo "2057"]
[BlackElo "2046"]
[PlyCount "93"]
[EventDate "2022.04.13"]
[EventType "swiss"]
[EventRounds "9"]
[EventCountry "CAN"]

1. b3 Nf6 2. Bb2 d6 3. g3 g6 4. Bg2 Bg7 5. Nh3 O-O 6. d4 Nbd7 7. f3 e5 8. Nf2
Nd5 9. Qd2 exd4 10. Bxd4 Bxd4 11. Qxd4 Qf6 12. Qxf6 N7xf6 13. Kd2 Re8 14. e4
Nb6 15. c4 Nfd7 16. Nc3 Nc5 17. g4 a5 18. g5 a4 19. Rab1 Ne6 20. h4 Nd4 21. Kd3
c5 22. Rb2 axb3 23. axb3 Ra3 24. Rhb1 Be6 25. Nfd1 Rxb3 26. Ne3 Rxb2 27. Rxb2
Nd7 28. f4 b6 29. Ra2 b5 30. Ra6 b4 31. Ncd5 b3 32. Kc3 Rb8 33. Kb2 Kf8 34.
Rxd6 Ra8 35. Nc3 Ra7 36. e5 Kg7 37. Bd5 Nb8 38. Be4 Ra6 39. Rd8 Nbc6 40. Bxc6
Rxc6 41. Ne4 Ne2 42. Nd6 Rxd6 43. exd6 Nd4 44. Nd5 Nc6 45. Ra8 f5 46. Nf6 Kf7
47. d7 1-0

[Event "CAN-ch U2200"]
[Site "Kingston CAN"]
[Date "2022.04.17"]
[Round "7.33"]
[White "Liu, Henry"]
[Black "Loadman, Ian"]
[Result "1/2-1/2"]
[WhiteElo "2125"]
[BlackElo "2061"]
[PlyCount "101"]
[EventDate "2022.04.13"]
[EventType "swiss"]
[EventRounds "9"]
[EventCountry "CAN"]

1. d4 Nf6 2. Nf3 g6 3. Bf4 Bg7 4. e3 O-O 5. h3 d6 6. Be2 Nbd7 7. O-O b6 8. Nbd2
Bb7 9. c3 Ne4 10. Nxe4 Bxe4 11. Nd2 Bb7 12. Bf3 Qc8 13. Bh2 c5 14. Rc1 Bc6 15.
Ne4 Qb7 16. d5 Bxd5 17. Nxd6 Bxf3 18. Nxb7 Bxd1 19. Rfxd1 Nf6 20. f3 Bh6 21.
Kf2 Rfc8 22. Rd2 Kf8 23. Rcd1 Ke8 24. g4 Bg7 25. Ke2 Bf8 26. a3 c4 27. Bf4 Bg7
28. a4 Bf8 29. Rd4 Bg7 30. Be5 Nh5 31. Rd5 Nf6 32. R5d4 Nh5 33. Bxg7 Nxg7 34.
a5 Ne6 35. Re4 Rc6 36. f4 Rb8 37. a6 b5 38. f5 Rxa6 39. fxe6 Rxb7 40. Red4 fxe6
41. Rd8+ Kf7 42. Rf1+ Kg7 43. g5 Ra2 44. Rff8 Rxb2+ 45. Kf3 e5 46. Ke4 Rc2 47.
Rc8 Rd7 48. Rg8+ Kf7 49. Rgf8+ Kg7 50. Rg8+ Kf7 51. Rgf8+ 1/2-1/2

[Event "CAN-ch U2200"]
[Site "Kingston CAN"]
[Date "2022.04.17"]
[Round "7.34"]
[White "Zhu, Matthew"]
[Black "Ramesh, Sanjay"]
[Result "1-0"]
[WhiteElo "2025"]
[BlackElo "2065"]
[PlyCount "79"]
[EventDate "2022.04.13"]
[EventType "swiss"]
[EventRounds "9"]
[EventCountry "CAN"]

1. e4 c6 2. d4 d5 3. Nc3 dxe4 4. Nxe4 Bf5 5. Ng3 Bg6 6. Nf3 Nd7 7. h4 h6 8. h5
Bh7 9. Bd3 Bxd3 10. Qxd3 e6 11. Bd2 Ngf6 12. O-O-O Qc7 13. Ne4 O-O-O 14. g3
Nxe4 15. Qxe4 Nf6 16. Qe2 Bd6 17. c4 c5 18. Bc3 Qc6 19. d5 Qa6 20. Bxf6 gxf6
21. Kb1 Rhe8 22. Qc2 Bc7 23. Rhe1 Rd6 24. dxe6 fxe6 25. Qg6 Red8 26. Rxd6 Qxd6
27. Qe4 Qd3+ 28. Qxd3 Rxd3 29. Nh2 Kd7 30. Ng4 Rf3 31. Nxh6 Rxf2 32. Ng4 Rg2
33. h6 Rxg3 34. Rh1 Rxg4 35. h7 Be5 36. h8=Q Rg2 37. Rh7+ Kc6 38. Qc8+ Kb6 39.
Qxb7+ Ka5 40. Qb5# 1-0

[Event "CAN-ch U2200"]
[Site "Kingston CAN"]
[Date "2022.04.17"]
[Round "7.35"]
[White "Van Rooy, Jake"]
[Black "Xu, Daniel"]
[Result "1/2-1/2"]
[WhiteElo "2073"]
[BlackElo "2088"]
[PlyCount "84"]
[EventDate "2022.04.13"]
[EventType "swiss"]
[EventRounds "9"]
[EventCountry "CAN"]

1. e4 c5 2. Nf3 d6 3. g3 Nf6 4. c3 Bg4 5. Bg2 Nbd7 6. d3 e6 7. O-O Be7 8. Be3
O-O 9. h3 Bxf3 10. Qxf3 d5 11. Bg5 h6 12. Bxf6 Bxf6 13. Qe2 d4 14. c4 Rb8 15.
Nd2 Qc7 16. Rfc1 a6 17. h4 b5 18. cxb5 axb5 19. a4 bxa4 20. Ra2 Rb4 21. Nc4 Nb6
22. Nxb6 Qxb6 23. Qc2 Be7 24. Bf1 f5 25. exf5 exf5 26. Re1 Bf6 27. Rxa4 Rxb2
28. Qc4+ Kh8 29. Rea1 Rb4 30. Qd5 Rxa4 31. Rxa4 f4 32. Ra8 Rb8 33. h5 fxg3 34.
fxg3 Qc7 35. Kg2 Be7 36. Be2 Bd6 37. g4 Bh2 38. Kh1 Bg3 39. Bf3 Qe7 40. Rxb8+
Bxb8 41. Qe4 Qxe4 42. Bxe4 Kg8 1/2-1/2

[Event "CAN-ch U2200"]
[Site "Kingston CAN"]
[Date "2022.04.17"]
[Round "7.36"]
[White "Xu, Eddie"]
[Black "Berengolts, Isai"]
[Result "1-0"]
[WhiteElo "2119"]
[BlackElo "2126"]
[PlyCount "83"]
[EventDate "2022.04.13"]
[EventType "swiss"]
[EventRounds "9"]
[EventCountry "CAN"]

1. d4 Nf6 2. c4 e5 3. dxe5 Ng4 4. e3 Nxe5 5. f4 Ng6 6. Nf3 Bc5 7. Bd3 d6 8. g3
Nc6 9. Nc3 Bh3 10. Ng5 Qd7 11. Nxh3 Qxh3 12. Qf3 O-O-O 13. Bd2 Nh4 14. Qf1
Qxf1+ 15. Rxf1 Nb4 16. Bb1 Ng6 17. a3 Nc6 18. b4 Bb6 19. Nd5 Rhe8 20. Kf2 Nce7
21. Nxb6+ axb6 22. e4 c6 23. Bc3 f6 24. Rd1 d5 25. cxd5 cxd5 26. exd5 Nxd5 27.
Bd4 Kb8 28. Ba2 Nge7 29. Rd2 Rc8 30. Re1 Red8 31. Bb2 Rd6 32. Bb3 Rcd8 33. b5
h5 34. Red1 Kc7 35. a4 h4 36. Ba3 R6d7 37. Kf3 hxg3 38. hxg3 g5 39. Bxe7 Nxe7
40. Rxd7+ Rxd7 41. Rxd7+ Kxd7 42. fxg5 1-0

[Event "CAN-ch U2200"]
[Site "Kingston CAN"]
[Date "2022.04.17"]
[Round "7.38"]
[White "Adam, Rafael"]
[Black "Guillemette, Hugo"]
[Result "0-1"]
[WhiteElo "2024"]
[BlackElo "1882"]
[PlyCount "98"]
[EventDate "2022.04.13"]
[EventType "swiss"]
[EventRounds "9"]
[EventCountry "CAN"]

1. d4 Nf6 2. c4 e6 3. g3 Bb4+ 4. Bd2 Be7 5. Bg2 d5 6. Nf3 O-O 7. O-O c6 8. Qc2
b6 9. Nc3 Bb7 10. cxd5 cxd5 11. Rfc1 Nc6 12. Bg5 h6 13. Bxf6 Bxf6 14. e3 Rc8
15. Ne1 Qe7 16. Qa4 a6 17. Qb3 Qb4 18. Qxb4 Nxb4 19. Na4 Bd8 20. a3 Nc6 21. Rc2
Na5 22. Rac1 Rxc2 23. Rxc2 Bc6 24. Nc3 Nc4 25. Nd3 Be7 26. Bf1 b5 27. Nb1 Rc8
28. Nc5 Bxc5 29. dxc5 a5 30. b3 Ne5 31. b4 axb4 32. axb4 Nf3+ 33. Kh1 d4 34.
Rb2 e5 35. exd4 exd4 36. Bg2 Re8 37. Nd2 Re2 38. h3 Re1+ 39. Nf1 d3 40. Bxf3
Bxf3+ 41. Kg1 Be2 42. Ra2 Rxf1+ 43. Kg2 Rc1 44. f4 Rc2 45. Ra8+ Kh7 46. Kf2
Bh5+ 47. Ke3 d2 48. Rd8 d1=Q 49. Rxd1 Bxd1 0-1

[Event "CAN-ch U2200"]
[Site "Kingston CAN"]
[Date "2022.04.17"]
[Round "7.39"]
[White "Palsson Halidor, Peter"]
[Black "Shi, Michael"]
[Result "1/2-1/2"]
[WhiteElo "1942"]
[BlackElo "2017"]
[PlyCount "98"]
[EventDate "2022.04.13"]
[EventType "swiss"]
[EventRounds "9"]
[EventCountry "CAN"]

1. d4 d5 2. c4 e6 3. Nc3 Nf6 4. Bg5 Bb4 5. e3 O-O 6. Nf3 Nbd7 7. Qc2 c5 8. cxd5
exd5 9. Bd3 Qa5 10. O-O c4 11. Be2 Bxc3 12. bxc3 b5 13. Nd2 Qb6 14. f3 h6 15.
Bh4 Re8 16. Bf2 Bb7 17. Rfe1 Bc6 18. Bf1 Qb7 19. g3 Nb6 20. Bg2 Qd7 21. h3 Rad8
22. e4 a5 23. e5 Nh7 24. f4 b4 25. Kh2 Ba4 26. Qb2 Qb5 27. Rab1 b3 28. axb3
cxb3 29. Bf1 Nc4 30. Nxc4 dxc4 31. Qe2 Rb8 32. Qe4 Nf6 33. Qe2 Nd5 34. Qd2 Qc6
35. f5 Bb5 36. Bg2 a4 37. f6 a3 38. Be3 Re6 39. Bxh6 gxh6 40. Qxh6 Rxf6 41.
exf6 Qxf6 42. Qh5 Nxc3 43. Re5 Nxb1 44. Rg5+ Kf8 45. Qg4 a2 46. Rg8+ Ke7 47.
Rxb8 a1=Q 48. Qe4+ Qe6 49. Qh4+ Qf6 1/2-1/2

[Event "CAN-ch U2200"]
[Site "Kingston CAN"]
[Date "2022.04.17"]
[Round "7.40"]
[White "Wang, Derek"]
[Black "Oancea, Nicolae"]
[Result "1/2-1/2"]
[WhiteElo "1956"]
[BlackElo "1907"]
[PlyCount "116"]
[EventDate "2022.04.13"]
[EventType "swiss"]
[EventRounds "9"]
[EventCountry "CAN"]

1. Nf3 b6 2. e4 Bb7 3. Bc4 e6 4. d3 g6 5. c3 Bg7 6. Be3 Ne7 7. Qc1 d5 8. exd5
exd5 9. Bb3 h6 10. O-O Nbc6 11. Re1 Qd7 12. Ba4 O-O-O 13. Na3 g5 14. Nb5 Kb8
15. Nbd4 Qc8 16. Nxc6+ Nxc6 17. Bxc6 Bxc6 18. a4 f5 19. Bd4 Bxd4 20. cxd4 Bb7
21. Ne5 Rh7 22. b4 c6 23. Qa3 Qc7 24. Rec1 Qd6 25. a5 b5 26. Qc3 Rc7 27. Qc5
Qxc5 28. Rxc5 a6 29. Rac1 Rd6 30. Kf1 Kc8 31. Nf3 Re7 32. R5c2 Kc7 33. Nd2 Kd7
34. Nb3 Ke8 35. Nc5 Bc8 36. Re1 Rxe1+ 37. Kxe1 Kf7 38. Re2 f4 39. Re5 f3 40. g3
Rd8 41. Kd2 Rh8 42. Ke3 g4 43. Kf4 Rf8 44. Nb3 Kg6+ 45. Ke3 h5 46. Re7 h4 47.
Nc5 hxg3 48. hxg3 Kf5 49. Nb3 Rh8 50. Rf7+ Kg6 51. Rc7 Kg5 52. Nc1 Rh1 53. Rxc6
Bf5 54. Rc2 Re1+ 55. Kd2 Rf1 56. Kc3 Rd1 57. Nb3 Rxd3+ 58. Kb2 Rxb3+ 1/2-1/2

[Event "CAN-ch U2200"]
[Site "Kingston CAN"]
[Date "2022.04.17"]
[Round "7.41"]
[White "Rusonik, Greg"]
[Black "Malmsten, Erik"]
[Result "0-1"]
[WhiteElo "2104"]
[BlackElo "1936"]
[PlyCount "120"]
[EventDate "2022.04.13"]
[EventType "swiss"]
[EventRounds "9"]
[EventCountry "CAN"]

1. e4 c6 2. d4 g6 3. f4 d5 4. e5 h5 5. Nf3 Bg4 6. Bd3 Nh6 7. Qe2 e6 8. Be3 Nd7
9. Nbd2 Qa5 10. O-O Nf5 11. Bf2 Be7 12. h3 Bxf3 13. Nxf3 c5 14. c3 h4 15. Bxf5
gxf5 16. Kh1 c4 17. Qe1 Qd8 18. b3 Rc8 19. Nd2 Nb6 20. Qe3 Kd7 21. Rfb1 Qc7 22.
bxc4 dxc4 23. Qf3 Nd5 24. Nf1 b6 25. Rc1 Rcg8 26. Ne3 Qc6 27. Nxd5 Qxd5 28.
Qxd5+ exd5 29. a4 a5 30. Rab1 Bd8 31. Kh2 Rg6 32. Rg1 Rgh6 33. Be3 R8h7 34. g4
hxg3+ 35. Rxg3 Bh4 36. Rf3 Kc6 37. Rg1 b5 38. axb5+ Kb6 39. Rg8 Kxb5 40. Rf1
Be7 41. Rb8+ Ka4 42. Ra1+ Ba3 43. Bf2 Rxh3+ 44. Kg2 Rxc3 45. Rd8 Kb3 46. Rb8+
Kc2 47. Re1 Bb4 48. Rb7 Rch3 49. Re2+ Kd3 50. Ra2 c3 51. Rc7 Rh2+ 52. Kg1 Ke4
53. Re2+ Kf3 54. Re3+ Kxf4 55. Bg3+ Kxe3 56. Bxh2 f4 57. e6 Rxh2 58. Kxh2 fxe6
59. Rc6 Kxd4 60. Rxe6 c2 0-1

[Event "CAN-ch U2200"]
[Site "Kingston CAN"]
[Date "2022.04.17"]
[Round "8.31"]
[White "Huang, Youhe"]
[Black "Zhang, Chu Hang"]
[Result "1-0"]
[WhiteElo "1989"]
[BlackElo "2057"]
[PlyCount "111"]
[EventDate "2022.04.13"]
[EventType "swiss"]
[EventRounds "9"]
[EventCountry "CAN"]

1. e4 e5 2. Nf3 Nc6 3. Bb5 a6 4. Ba4 Nf6 5. O-O Be7 6. Re1 b5 7. Bb3 d6 8. c3
Na5 9. Bc2 c5 10. h3 O-O 11. d4 Qc7 12. Nbd2 Re8 13. Nf1 Bb7 14. d5 Bc8 15. Ng3
Kh8 16. Ng5 Bf8 17. f4 h6 18. Nf3 exf4 19. Bxf4 Nc4 20. b3 Ne5 21. Rf1 Ng6 22.
Qd2 Nh7 23. Rae1 Ne5 24. Nxe5 dxe5 25. Be3 Ra7 26. Bd1 Qd8 27. b4 Rc7 28. Bxc5
Rxc5 29. bxc5 Bxc5+ 30. Kh2 Qh4 31. Nf5 Bxf5 32. Rxf5 Ng5 33. Bg4 g6 34. g3
Qxg4 35. hxg4 gxf5 36. Kg2 fxe4 37. d6 Rd8 38. d7 Be7 39. Qd5 Bf6 40. Rf1 Kg7
41. Qc6 Ne6 42. Rd1 e3 43. Qe4 b4 44. Qxe3 bxc3 45. Qxc3 Nd4 46. Qc7 a5 47. Rf1
Ne6 48. Qc6 e4 49. Rd1 Bd4 50. Qb5 Bf6 51. Qf5 Nd4 52. Qd5 Ne2 53. Rf1 e3 54.
Qf5 Bg5 55. Qxf7+ Kh8 56. Qe8+ 1-0

[Event "CAN-ch U2200"]
[Site "Kingston CAN"]
[Date "2022.04.17"]
[Round "8.32"]
[White "Joseph Benher, Savio"]
[Black "Loadman, Ian"]
[Result "1-0"]
[WhiteElo "2170"]
[BlackElo "2061"]
[PlyCount "69"]
[EventDate "2022.04.13"]
[EventType "swiss"]
[EventRounds "9"]
[EventCountry "CAN"]

1. e4 e5 2. Nf3 Nc6 3. Bb5 f5 4. d3 fxe4 5. dxe4 Nf6 6. O-O Bc5 7. Nc3 d6 8.
Be3 Bxe3 9. fxe3 O-O 10. Bc4+ Kh8 11. Ng5 Qe8 12. Qe1 Qh5 13. Qg3 Bd7 14. Be6
Bxe6 15. Nxe6 Rf7 16. Rf5 Qh6 17. Raf1 Ne7 18. Ng5 Rff8 19. R1f2 Qg6 20. Ne6
Qxg3 21. hxg3 Rfc8 22. Nxg7 Kxg7 23. Rxf6 Rf8 24. Rxf8 Rxf8 25. Rxf8 Kxf8 26.
Nd5 c6 27. Nxe7 Kxe7 28. Kf2 Kf6 29. g4 Kg5 30. Kg3 d5 31. exd5 cxd5 32. c3 b5
33. b3 a5 34. a4 bxa4 35. bxa4 1-0

[Event "CAN-ch U2200"]
[Site "Kingston CAN"]
[Date "2022.04.17"]
[Round "8.33"]
[White "Latorre, Vincent"]
[Black "Zhu, Matthew"]
[Result "1-0"]
[WhiteElo "2046"]
[BlackElo "2025"]
[PlyCount "107"]
[EventDate "2022.04.13"]
[EventType "swiss"]
[EventRounds "9"]
[EventCountry "CAN"]

1. e4 c5 2. Nf3 d6 3. Nc3 Nf6 4. e5 dxe5 5. Nxe5 a6 6. a4 e6 7. g3 Qc7 8. Nc4
Bd7 9. Bg2 Bc6 10. O-O Bd6 11. a5 Nbd7 12. d3 Bxg2 13. Kxg2 Qc6+ 14. Qf3 Qxf3+
15. Kxf3 Ne5+ 16. Nxe5 Bxe5 17. Na4 Rc8 18. Nb6 Rc6 19. Nc4 Bc7 20. Bd2 Nd7 21.
Rfe1 f6 22. Bc3 Kf7 23. Kg2 Ra8 24. Ra3 b5 25. axb6 Bxb6 26. Rea1 Bc7 27. Ba5
Bxa5 28. Nxa5 Rc7 29. Nc4 Rc6 30. f4 Ke7 31. Kf3 Kd8 32. Ke3 Nb6 33. Na5 Rc7
34. Ke4 Nc8 35. Nb3 Nd6+ 36. Ke3 Rc6 37. Ra5 Nb7 38. R5a4 Nd6 39. Kd2 Nb7 40.
c4 Kc7 41. Kc3 Rb6 42. Nd2 a5 43. Nb3 Rb4 44. R4a3 Kb6 45. Re1 Re8 46. d4 cxd4+
47. Nxd4 Nd6 48. b3 f5 49. c5+ Kxc5 50. Rxa5+ Nb5+ 51. Rxb5+ Rxb5 52. Re5+ Kb6
53. Rxb5+ Ka6 54. Re5 1-0

[Event "CAN-ch U2200"]
[Site "Kingston CAN"]
[Date "2022.04.17"]
[Round "8.34"]
[White "Xu, Daniel"]
[Black "Xu, Eddie"]
[Result "1/2-1/2"]
[WhiteElo "2088"]
[BlackElo "2119"]
[PlyCount "89"]
[EventDate "2022.04.13"]
[EventType "swiss"]
[EventRounds "9"]
[EventCountry "CAN"]

1. e4 e5 2. Nf3 Nc6 3. Bb5 a6 4. Ba4 Nf6 5. O-O Be7 6. Re1 b5 7. Bb3 d6 8. c3
O-O 9. h3 Bb7 10. d4 Re8 11. a3 Bf8 12. Nbd2 h6 13. Bc2 g6 14. b4 Bg7 15. Bb2
Rb8 16. Bd3 Nh7 17. d5 Ne7 18. a4 c6 19. axb5 axb5 20. dxc6 Bxc6 21. Nb3 d5 22.
Na5 Ba8 23. Qb3 Qc7 24. Nd2 Ng5 25. exd5 Nxd5 26. h4 Nf4 27. Bf1 Qd7 28. hxg5
Bxg2 29. Re3 Ba8 30. c4 Qxd2 31. Rd1 bxc4 32. Bxc4 Qxb4 33. Bxf7+ Kh7 34. Qxb4
Rxb4 35. Bc3 Reb8 36. Bxb4 Rxb4 37. gxh6 Kxh6 38. Nc4 Rb8 39. Nxe5 Bxe5 40.
Rxe5 Bf3 41. Rd4 Ne2+ 42. Rxe2 Bxe2 43. Rd6 Bh5 44. f4 Rf8 45. Rd7 1/2-1/2

[Event "CAN-ch U2200"]
[Site "Kingston CAN"]
[Date "2022.04.17"]
[Round "8.36"]
[White "Ramesh, Sanjay"]
[Black "Van Rooy, Jake"]
[Result "1/2-1/2"]
[WhiteElo "2065"]
[BlackElo "2073"]
[PlyCount "135"]
[EventDate "2022.04.13"]
[EventType "swiss"]
[EventRounds "9"]
[EventCountry "CAN"]

1. d4 Nf6 2. c4 g6 3. Nc3 Bg7 4. e4 d6 5. Be2 O-O 6. Be3 e5 7. d5 a5 8. g4 Na6
9. g5 Ne8 10. h4 f5 11. gxf6 Nxf6 12. h5 Nc5 13. hxg6 hxg6 14. Qc2 Ng4 15. Bxg4
Bxg4 16. Nge2 Qf6 17. O-O-O Bf3 18. Rhg1 Kh7 19. Rg3 Bh6 20. Rh3 Bh5 21. Ng3
Qxf2 22. Bxh6 Qxc2+ 23. Kxc2 Kxh6 24. Nxh5 gxh5 25. Rdh1 Kg5 26. Rxh5+ Kf4 27.
R1h3 Rf6 28. R5h4+ Kg5 29. Rh5+ Kf4 30. Rh7 c6 31. dxc6 bxc6 32. R7h6 Raf8 33.
b3 Kg5 34. R6h5+ Kg4 35. R5h4+ Kg5 36. Rh5+ Kg4 37. Nd1 Rf3 38. R5h4+ Kg5 39.
Rh5+ Kg4 40. R3h4+ Kg3 41. Nc3 Rf2+ 42. Kd1 Nd3 43. Rh3+ Kg4 44. R3h4+ Kg3 45.
Rh3+ Kg4 46. Ne2 Rxe2 47. R5h4+ Kg5 48. Kxe2 Nf4+ 49. Rxf4 Rxf4 50. Ke3 Rh4 51.
Rg3+ Rg4 52. Rf3 Rg2 53. Rf5+ Kg4 54. Rf6 Rxa2 55. Rxd6 Rb2 56. Rg6+ Kh5 57.
Rxc6 Rxb3+ 58. Ke2 Kg4 59. Rc5 Kf4 60. Rxa5 Kxe4 61. Ra2 Kd4 62. Rc2 Rh3 63. c5
Rh2+ 64. Kd1 Rxc2 65. Kxc2 Kxc5 66. Kd3 Kd5 67. Ke3 e4 68. Ke2 1/2-1/2

[Event "CAN-ch U2200"]
[Site "Kingston CAN"]
[Date "2022.04.17"]
[Round "8.37"]
[White "Hansen, Troy"]
[Black "Guillemette, Hugo"]
[Result "1/2-1/2"]
[WhiteElo "1973"]
[BlackElo "1882"]
[PlyCount "103"]
[EventDate "2022.04.13"]
[EventType "swiss"]
[EventRounds "9"]
[EventCountry "CAN"]

1. e4 c5 2. Nf3 e6 3. c3 Nf6 4. e5 Nd5 5. d4 cxd4 6. cxd4 d6 7. Be2 Nc6 8. O-O
dxe5 9. Nxe5 Nxe5 10. dxe5 Bc5 11. Qa4+ Bd7 12. Qg4 g6 13. Nd2 O-O 14. Ne4 Be7
15. Bh6 Re8 16. Rfd1 Qc7 17. Bc4 Qxe5 18. Bxd5 exd5 19. Qxd7 dxe4 20. Qxb7 Bf6
21. Bc1 Rad8 22. Rf1 a5 23. Rb1 Re7 24. Qa6 Red7 25. Qe2 Qd5 26. b4 Qd3 27.
Qxd3 exd3 28. Bd2 axb4 29. Rxb4 Rc8 30. Rd1 Rc2 31. a4 Kg7 32. Rb3 Bd4 33. g3
Bc5 34. Kg2 Re7 35. Rxd3 Re2 36. Bc3+ f6 37. R1d2 Rxf2+ 38. Rxf2 Rxf2+ 39. Kh3
h5 40. Rd2 Rxd2 41. Bxd2 Kf7 42. g4 hxg4+ 43. Kxg4 Ke6 44. a5 Kd5 45. h4 Kc6
46. Be1 Kb5 47. Kf4 g5+ 48. hxg5 fxg5+ 49. Kxg5 Be7+ 50. Kf5 Bd8 51. Ke6 Bxa5
52. Bxa5 1/2-1/2

[Event "CAN-ch U2200"]
[Site "Kingston CAN"]
[Date "2022.04.17"]
[Round "8.38"]
[White "Berengolts, Isai"]
[Black "Palsson Halidor, Peter"]
[Result "0-1"]
[WhiteElo "2126"]
[BlackElo "1942"]
[PlyCount "62"]
[EventDate "2022.04.13"]
[EventType "swiss"]
[EventRounds "9"]
[EventCountry "CAN"]

1. e4 e6 2. d4 d5 3. Nc3 Bb4 4. e5 c5 5. Bd2 Nc6 6. Nb5 Bxd2+ 7. Qxd2 cxd4 8.
Nf3 Nge7 9. Nd6+ Kf8 10. Qf4 Nf5 11. Nxf5 exf5 12. Bd3 Qa5+ 13. Kd1 Ne7 14. h4
h6 15. h5 Qb6 16. Nxd4 g5 17. hxg6 Nxg6 18. Qd2 Qxd4 19. c3 Qxe5 20. g3 f4 21.
Kc2 Bf5 22. Rae1 Bxd3+ 23. Qxd3 Qd6 24. Rh5 Rd8 25. Qd4 Qb6 26. Qxb6 axb6 27.
Rf5 fxg3 28. fxg3 Kg7 29. Ref1 Rd7 30. Rf6 Re8 31. Rxb6 Re2+ 0-1

[Event "CAN-ch U2200"]
[Site "Kingston CAN"]
[Date "2022.04.17"]
[Round "8.39"]
[White "Malmsten, Erik"]
[Black "Adam, Rafael"]
[Result "0-1"]
[WhiteElo "1936"]
[BlackElo "2024"]
[PlyCount "40"]
[EventDate "2022.04.13"]
[EventType "swiss"]
[EventRounds "9"]
[EventCountry "CAN"]

1. e4 e5 2. Nc3 Nc6 3. Bc4 Nf6 4. f4 exf4 5. Nf3 d6 6. d4 Nh5 7. O-O g5 8. d5
Nb8 9. e5 g4 10. exd6 Bxd6 11. Re1+ Kf8 12. Qd4 Rg8 13. Re5 gxf3 14. Rxh5 Qe7
15. Ne4 f5 16. Qf6+ Qxf6 17. Nxf6 Bc5+ 18. Kf1 fxg2+ 19. Ke2 g1=Q 20. Bxf4 Rg2+
0-1

[Event "CAN-ch U2200"]
[Site "Kingston CAN"]
[Date "2022.04.17"]
[Round "8.40"]
[White "Shi, Michael"]
[Black "Wang, Derek"]
[Result "1/2-1/2"]
[WhiteElo "2017"]
[BlackElo "1956"]
[PlyCount "127"]
[EventDate "2022.04.13"]
[EventType "swiss"]
[EventRounds "9"]
[EventCountry "CAN"]

1. e4 c5 2. Nf3 Nc6 3. Bb5 Qb6 4. Nc3 e6 5. O-O Nge7 6. Re1 Nd4 7. Bf1 Nec6 8.
Nxd4 Nxd4 9. Ne2 Nxe2+ 10. Rxe2 d6 11. c3 Bd7 12. d3 Be7 13. Be3 Qc7 14. Rc2
O-O 15. g3 Bc6 16. Bg2 Rad8 17. d4 f5 18. d5 Bd7 19. exf5 exf5 20. Re2 Bf6 21.
Qd3 Rde8 22. Rae1 Be5 23. f4 Bf6 24. Bf2 Rc8 25. Rd2 Qa5 26. a3 b5 27. Kh1 b4
28. axb4 cxb4 29. c4 Qc7 30. Rc1 a5 31. b3 a4 32. bxa4 Bc3 33. Rxc3 bxc3 34.
Qxc3 Qxc4 35. Qxc4 Rxc4 36. Bf1 Rxa4 37. Rb2 Ra5 38. Rb7 Be8 39. Rb6 Rf6 40.
Bd4 Rf7 41. Rxd6 Rd7 42. Rxd7 Bxd7 43. Bg2 Ra4 44. Be5 Rc4 45. h4 g6 46. d6 Bc6
47. Bxc6 Rxc6 48. Kg2 Kf7 49. Kf3 Ra6 50. Ke3 Ra3+ 51. Kf2 h5 52. Kg2 Ke6 53.
Kf2 Rd3 54. Kg2 Rd2+ 55. Kf3 Rd3+ 56. Kf2 Rxd6 57. Bxd6 Kxd6 58. Ke3 Kc5 59.
Kd3 Kd5 60. Ke3 Kc4 61. Kd2 Kd4 62. Ke2 Ke4 63. Kf2 Kd3 64. Kf3 1/2-1/2

[Event "CAN-ch U2200"]
[Site "Kingston CAN"]
[Date "2022.04.17"]
[Round "8.41"]
[White "Rusonik, Greg"]
[Black "Oancea, Nicolae"]
[Result "1-0"]
[WhiteElo "2104"]
[BlackElo "1907"]
[PlyCount "95"]
[EventDate "2022.04.13"]
[EventType "swiss"]
[EventRounds "9"]
[EventCountry "CAN"]

1. e4 e6 2. d4 d5 3. Nc3 Nc6 4. Nf3 Nf6 5. e5 Nd7 6. a3 f6 7. exf6 Qxf6 8. Bg5
Qf7 9. Be2 a6 10. Qd2 Bd6 11. O-O Nb6 12. b3 Bd7 13. Rfe1 h6 14. Bh4 Bf4 15.
Qd3 g5 16. Bg3 O-O-O 17. Bf1 Qf6 18. Ne2 h5 19. Nxf4 gxf4 20. Bh4 Qg7 21. Bxd8
Nxd8 22. Ne5 Bb5 23. Qg6 Qf8 24. Bxb5 axb5 25. Qd3 Rg8 26. Qh3 Qg7 27. Rad1 Kb8
28. f3 Nc8 29. Re2 Qg5 30. Nd7+ Ka8 31. Nc5 Nf7 32. Nxe6 Qh6 33. Nxc7+ Ka7 34.
Nxb5+ Kb8 35. Qe6 Qf8 36. Qxd5 h4 37. Qf5 h3 38. Qxf4+ Ka8 39. g3 Qg7 40. d5
Ng5 41. Rd4 b6 42. Ra4+ Kb7 43. Nd6+ Nxd6 44. Qxd6 Nxf3+ 45. Kf2 Ne5 46. Qxe5
Qf8+ 47. Rf4 Qc5+ 48. Qe3 1-0

[Event "CAN-ch U2200"]
[Site "Kingston CAN"]
[Date "2022.04.18"]
[Round "9.31"]
[White "Latorre, Vincent"]
[Black "Joseph Benher, Savio"]
[Result "0-1"]
[WhiteElo "2046"]
[BlackElo "2170"]
[PlyCount "140"]
[EventDate "2022.04.13"]
[EventType "swiss"]
[EventRounds "9"]
[EventCountry "CAN"]

1. e4 e6 2. d4 d5 3. Nc3 Bb4 4. exd5 exd5 5. Bd3 Nc6 6. a3 Ba5 7. Be3 Nge7 8.
Qf3 Be6 9. Nge2 Qd7 10. h3 O-O 11. O-O Bxc3 12. Nxc3 Rad8 13. Rfe1 Bf5 14. Rad1
Rfe8 15. Ne2 Bxd3 16. Rxd3 Nf5 17. c3 Re4 18. Ng3 Nxg3 19. fxg3 Rde8 20. Rd2
Qe6 21. Rde2 Na5 22. Kf2 f5 23. Bf4 Nc4 24. b3 Nxa3 25. Qd3 c6 26. Be5 Nb5 27.
g4 fxg4 28. Rxe4 dxe4 29. Rxe4 gxh3 30. Rh4 Rf8+ 31. Kg1 g6 32. Rxh3 Nd6 33. c4
Nf7 34. Bf4 Rd8 35. Re3 Qf6 36. Re4 Nd6 37. Bxd6 Qxd6 38. Qe3 b6 39. Qg5 Rf8
40. Qe3 Rd8 41. g3 Rd7 42. Kg2 Kg7 43. Qc3 Kf7 44. Qf3+ Kg8 45. Kf2 Rf7 46. Rf4
Rxf4 47. gxf4 Qxd4+ 48. Kg2 Qd6 49. Qe4 Kg7 50. Kh3 Kf6 51. Kg2 b5 52. Kf3 bxc4
53. bxc4 a5 54. Qe8 Kg7 55. c5 Qxc5 56. Qd7+ Kh6 57. Kg3 Qd5 58. Qe7 Qb3+ 59.
Kh4 Qb4 60. Qg5+ Kg7 61. Qe5+ Kf7 62. Kg4 a4 63. Qc7+ Qe7 64. Qa5 a3 65. Kf3
Qd6 66. Qa7+ Kg8 67. Qa8+ Kg7 68. Kg4 Qe6+ 69. Kf3 a2 70. Qa3 Qh3+ 0-1